Statistics for "FOR" Vocabulary Quiz

Click here to take the quiz!

General Stats

  • This quiz has been taken 59 times
  • The average score is 13 of 20

Answer Stats

HintAnswer% Correct
Fail to rememberForget
98%
Meeting or website where views on a topic can be exchangedForum
89%
A large area of trees and undergrowthForest
87%
Search widely for foodForage
85%
Expressly disallowForbid
83%
Like a snake's tongueForked
79%
To have made a fake copy or beaten hot metalForged
74%
To make stronger or create defensive structuresFortify
74%
A mathematical rule expressed with symbolsFormula
72%
Was made to, obtained by coercion or powerForced
68%
In accordance with convention or etiquetteFormal
66%
To lose something as a penaltyForfeit
60%
Something at which one excelsForte
55%
A raid into enemy territoryForay
49%
To refrain from or do withoutForego
49%
Crossed a river or streamForded
47%
Combined parts to create somethingFormed
40%
To set out from a starting point, to go….Forth
40%
The way something is set out or arrangedFormat
36%
A type of acid, present in ant's bitesFormic
28%

Score Distribution

Percentile by Number Answered

Percent of People with Each Score

Your Score History

You have not taken this quiz